Quizzes
Events
Quiz Creation
Community
Videos
Private Events
Remove Ads
Sign In
Join for FREE
Feedback
Dark Mode
Quiz Categories
Sports
Geography
Music
Movies
Television
Just For Fun
Miscellaneous
History
Literature
Language
Science
Gaming
Entertainment
Religion
Holiday
For Kids
Quiz Lab
Recent
Popular Today
Quiz Kudos Today
Editor Picks
Curator Picks
Quizzes by...
Day
Popularity
Type
Ratings
Length
Year
Community
Subscriptions
Recent Discussions
Orange Saloon
Badges
Playlists
Quests
Create
Leaderboards
Showdown
Live 5
Trivia Bingo
Activity
Puzzle Library
Sporcle Events
Private Events
Virtual Trivia
Globe League
Become a Host
Pub Owners
SporcleCon
Opinionation
Our Games
Videos
Blog
Mobile Apps
Partnerships
Remove Ads and Go Orange
Feedback
Science
Computer
Plants
Astronomy
Chemistry
Elements
Math
Animal
Physics
Anatomy
Biology
Geology
General Science
Science
Computer
Plants
Astronomy
Chemistry
Elements
Math
Animal
Physics
Anatomy
Biology
Geology
General Science
Random Quiz
Search Sporcle
×
Quiz Lab
Quiz Lab
Science
Biology
Type in answers that appear in a list
Type in answers that appear in a list
Classic
Best Score? Go Orange.
Full MS State Test Science Review Stats
Can you name the Full MS State Test Science Review?
By
sciene153
20m
18 Questions
29 Plays
29 Plays
29 Plays
Comments
Comments
Give Quiz Kudos
Give Quiz Kudos
-
- Ratings
hide this ad
Forced Order
Answers have to be entered in order
Answers have to be entered in order
Random Order
Randomize order of answers
Randomize order of answers
Replay
Link that replays current quiz
Next Quiz
Link to next quiz in quiz playlist
You Got
0%
They Got
Avg Score
22%
Avg Friend Score
Upgrade to see
Score Distribution
Jump to the score distribution portion of the page
Score
0/18
Timer
20:00
0
Plays Today
Question
Answer
% Correct
What is a negatively charged particle in an atom?
electron
65.5%
Name the substance that makes up majority of your cells and the earth
water
62.1%
Microscopes led to the discovery that all organisms are made of ...
cells
55.2%
Two or more atoms held together by covalent bonds form a ..
molecule
34.5%
Name the three types of RNA
mRNA, tRNA, rRNA
34.5%
Hair color and eye color are examples of a person's
phenotype
31%
The scientific method is used for testing....
experiments
27.6%
What do the alleles Tt stand for
heterozygous
27.6%
IN what stage of the cell cycle does the nucleus and its contents divide?
mitosis
20.7%
Question
Answer
% Correct
What are the two different types of cells
plant and animal
17.2%
Kinases and cyclins are internal factors that control what
cell cycle
6.9%
Name a type of lipid that serves as one component of cell membranes.
fatty acid
6.9%
What is the most common form of reproduction among prokaryotes?
binary fission
3.4%
What is an example of an internal factor that controls the cell cycle
kinase
3.4%
Cells in a developing embryo differentiate based on what in the embryo
their location
0%
Wide range of eye color indicates that it is
polygenic
0%
What are Chargaff's rules
A=T and C=G
0%
Who is our teacher
Burleson
0%
Quiz Playlist
Details
Report
Send in Message
Add To Playlist
Classic:
Type in answers that appear in a list
Forced Order:
Answers have to be entered in order
Random Order:
Randomize order of answers
Last Updated: Feb 16, 2017
Quiz Scoreboard
CHALLENGE
Sign Up to Join the Scoreboard
Show All
Scores
Hide
Comments
May contain spoilers
Recently Published
Alphabetical 'K' Countries by Flag Minefield
by ylime102
Geography
3m
Pick 6: Fruits
by JohnFran
Miscellaneous
15s
Click the 1999 NBA Draft
by nibperrychub
Sports
2m
More to Explore
Quiz From the Vault
Featured Blog Post
15 Basketball Trivia Facts You Can Be March Mad About
hide this ad
You Might Also Like...
Tags
Biology Quiz
Study
Today's Top Quizzes in Science
Browse Science
hide this ad
Today's Top Quizzes in Biology
Browse Biology
Top Contributed Quizzes in Science
1
Pick 6: Animals
2
Group Clicking: Animals II
3
Find the Spring Animals
4
The First 100 Digits of Pi
5
Square Numbers Scrambled (1-50)
6
Flowers by Accent Chairs
7
Why is the sky blue? And other physics questions.
8
Needlepoint Flowers
9
Needlepoint Flowers II
10
Cubes 1-10
Explore More
Trending Topics
Anime
Disney
Marvel
Kpop
Harry Potter
NBA
Crossword
The Office
Pokémon
Country
WWE
Puzzle
Song
NFL
Soccer
hide this ad
More By:
sciene153
Quiz
Plays
Rating
Category
Featured
Created
Full MS State Test Science Review
29
Science
Apr 7, 2011
MS State Science Review
6
Science
Apr 6, 2011
Go to Creator's Profile
Score Distribution
Quiz Creator Spotlight
sciene153
Follow
Send a Message
Quizzes Created
-
Created Quiz Play Count
-
More By This Creator
Popular Quizzes Today
1
Countries of Asia Without Outlines Minefield
2
Find the US States - No Outlines Minefield
3
Pick 6: Fruits
4
Alphabetical 'K' Countries by Flag Minefield
5
The Countries of the World
6
Find the US States
7
US States
8
Find the Countries of Europe - No Outlines Minefield
More Science Quizzes
Math Table: Sevens
Published
Trending Quizzes
Pick 6: Mountains
Pick 6: Harry Potter
Pick 6: Flags
Pick 6: NFL Teams
Pick 6: Movie Franchises
Recently Updated
NWSL Teams
pecheneg
Women's Final Four Teams by Year
bhenderson79
Presidents Quartet II
eogle
Anything But Clue(do)
eogle
Anything But Oceanian Capitals
eogle
Anything But 7
eogle
Anything But Thing
eogle
Word Ladder: February 29
pecheneg
Song Title Questions
pecheneg
Women's NCAA Tournament #1 Seeds
pecheneg
Trending Topics
Anime
Kpop
Crossword
Disney
Marvel
NBA
Harry Potter
Country
Song
Pokémon
Puzzle
The Office
Soccer
NFL
WWE
Your Account Isn't Verified!
In order to create a playlist on Sporcle, you need to verify the email address you used during registration. Go to your
Sporcle Settings
to finish the process.
Report this User
Report this user for behavior that violates our
Community Guidelines
.
Details:
Send Report
Go to the Sporcle.com Mobile Site →
Comments